| 000 | 00652nam a2200217Ia 4500 | ||
|---|---|---|---|
| 003 | GCL | ||
| 008 | 140319s9999 xx 000 0 ara d | ||
| 040 |
_aGCL / _cGCL |
||
| 082 | 0 | 4 |
_a322.4 _bن ا |
| 100 | 1 | _aنبيل فارس | |
| 245 | 1 | 0 |
_aالاسلام لا يعرف العنف: الملف السرى للجماعات الاسلامية فى مصر / _cنبيل فارس |
| 260 |
_a[S.N] : _bالدار الشرقية ، _c1992 |
||
| 300 | _a187 ص | ||
| 490 | _a | ||
| 650 | 0 | 4 | _aمصر |
| 650 | 0 | 4 | _aتاريخ |
| 650 | 0 | 4 | _aالاغتيال |
| 650 | 0 | 4 | _aالارهاب |
| 650 | 0 | 4 | _aالاسلام والسياسة |
| 942 |
_2ddc _cBK |
||
| 999 |
_c27771 _d27771 |
||